| 000 | 01021nam a2200289 a 4500 | ||
|---|---|---|---|
| 999 |
_c529435 _d529435 |
||
| 001 | 1845115 | ||
| 003 | NUST | ||
| 005 | 20190926105521.0 | ||
| 008 | 820423s1981 dcua b 000 0 eng | ||
| 010 | _a 81085599 | ||
| 020 |
_a0309032741 (pbk.) : _c$6.40 |
||
| 038 | _aMSOHAIL | ||
| 040 |
_aDLC _cDLC _dDLC |
||
| 043 | _an-us--- | ||
| 050 | 0 | 0 |
_aTE23 _b.H8 |
| 082 | 0 | 0 |
_a353.938642 _219 |
| 100 | 1 |
_aHumphrey, Thomas F. _921484 |
|
| 245 | 1 | 0 |
_aEvaluation criteria and priority setting for state highway programs / _cThomas F. Humphrey. |
| 260 |
_aWashington, D.C. : _bTransportation Research Board, National Research Council, _c1981. |
||
| 300 |
_a32 p. : _bill. ; _c28 cm. |
||
| 440 | 0 |
_aSynthesis of highway practice, _x0547-5570 ; _v84 _921485 |
|
| 504 | _aIncludes bibliographical references. | ||
| 650 | 0 |
_aRoads _zUnited States _xStates. _921486 |
|
| 710 | 2 |
_aNational Research Council (U.S.). _bTransportation Research Board. _919676 |
|
| 906 |
_a7 _bcbc _corignew _d2 _eopcn _f19 _gy-gencatlg |
||
| 942 |
_2ddc _cBK |
||